[Event "Challenge"]
[Site "http://www.queenalice.com/game.php?id=1833407"]
[Date "2024.3.14"]
[Round "-"]
[White "Mr_SPOCK"]
[Black "naugard47"]
[Result "0-1"]
[WhiteElo "1536"]
[BlackElo "1668"]

1. e4 e5 2. Qh5 Qf6 3. d4 exd4 4. e5 Qe6 5. b3 g6 6. Qe2 Nc6 7. Nf3 Bb4+ 8. c3
dxc3 9. Qc2 d6 10. Bc4 d5 11. Bb5 a6 12. Bf4 axb5 13. O-O Qg4 14. Bg3 Bf5 15.
Qe2 Nd4 16. Qe3 Nc2 17. Qe2 Nxa1 18. Qxb5+ c6 19. Qxb7 Rc8 20. h3 Qe4 21. Re1 c2
22. Rc1 cxb1=Q 23. Rxb1 Qxb1+ 24. Kh2 Be7 25. Nd4 Bd7 26. a4 Nh6 27. f4 Nf5 28.
Ne2 Nxg3 29. Nxg3 Bc5 30. Ne2 Qe4 31. Qa6 O-O 32. Kg3 Nc2 33. Nc3 Qe3+ 34. Kh2
Qg1+ 35. Kg3 Bf2+ 36. Kf3 Nd4# 0-1

[Event "Challenge"]
[Site "http://www.queenalice.com/game.php?id=1836106"]
[Date "2024.5.1"]
[Round "-"]
[White "naugard47"]
[Black "Patrick_1977"]
[Result "1-0"]
[WhiteElo "1721"]
[BlackElo "1782"]

1. e4 c6 2. Bc4 d5 3. exd5 cxd5 4. Bb3 Nf6 5. d4 h6 6. Nf3 Bg4 7. O-O e6 8. Ba4+
Nc6 9. Bxc6+ bxc6 10. Nbd2 Bd6 11. Qe1 O-O 12. h3 Bf5 13. c3 Bd3 14. Ne5 Bxf1
15. Qxf1 c5 16. Ndf3 cxd4 17. cxd4 Ne4 18. Bf4 Re8 19. Qc1 Rc8 20. Qe3 Rc2 21.
Nd3 Bxf4 22. Qxf4 Qf6 23. Qxf6 Nxf6 24. Nfe5 Rd8 25. f3 Rd2 26. b3 Nd7 27. Nc6
Rxd3 28. Nxd8 Rxd4 29. Rc1 Nf6 30. Kh2 Rd2 31. a3 Rb2 32. b4 Ra2 33. Rc8 Rxa3
34. Nxe6+ Kh7 35. Nd4 Ra4 36. Rc7 Rxb4 37. Nf5 Kg6 38. g4 a5 39. Nh4+ Kg5 40.
Kg3 a4 41. Rxf7 h5 42. Rxg7+ Kh6 43. Nf5# 1-0

[Event "Challenge"]
[Site "http://www.queenalice.com/game.php?id=1836107"]
[Date "2024.5.1"]
[Round "-"]
[White "naugard47"]
[Black "Rasumichin"]
[Result "1/2-1/2"]
[WhiteElo "1714"]
[BlackElo "1725"]

1. e4 e5 2. Bc4 Nf6 3. Nc3 Bc5 4. Nf3 Nc6 5. h3 d6 6. O-O Bd7 7. a3 h6 8. d3 Nd4
9. Nxd4 exd4 10. Nd5 Nxd5 11. Bxd5 c6 12. Bc4 b5 13. Bxf7+ Kxf7 14. Qf3+ Kg8 15.
b4 Bb6 16. Bf4 Qe7 17. Qg3 Bc7 18. a4 c5 19. a5 a6 20. bxc5 Rc8 21. Qf3 dxc5 22.
Qg3 Bxf4 23. Qxf4 g5 24. Qd2 Qe5 25. f3 Qf4 26. Qxf4 gxf4 27. Rfe1 b4 28. e5 Be6
29. Re4 Rf8 30. Kh2 h5 31. h4 Bd5 32. Re2 c4 33. Ra4 Rb8 34. e6 c3 35. Re5 Bc6
36. Ra1 Kg7 37. Rg5+ Kf6 38. Re1 Rbe8 39. Rge5 Re7 40. Rc5 Bb5 41. Rd5 Rxe6 42.
Rxe6+ Kxe6 43. Rxd4 Ba4 44. Rxb4 Bxc2 45. Rc4 Bxd3 46. Rxc3 Bb5 47. Rc1 Kd5 48.
g3 fxg3+ 49. Kxg3 Rg8+ 50. Kf4 Rf8+ 51. Ke3 Bc4 52. Rd1+ 1/2-1/2

[Event "Challenge"]
[Site "http://www.queenalice.com/game.php?id=1837749"]
[Date "2024.5.31"]
[Round "-"]
[White "zmanomega"]
[Black "naugard47"]
[Result "0-1"]
[WhiteElo "1747"]
[BlackElo "1703"]

1. e4 e5 2. Nf3 Nc6 3. d3 Nf6 4. Bg5 h6 5. Bxf6 Qxf6 6. Nc3 Nd4 7. Nxd4 exd4 8.
Nd5 Qe5 9. Qf3 f6 10. O-O-O c6 11. Nf4 d6 12. Ng6 Qg5+ 13. Kb1 Qxg6 14. h3 Be6
15. g4 O-O-O 16. Rg1 Qf7 17. b3 d5 18. Rc1 Ba3 19. Re1 Bb4 20. Re2 g5 21. Qg2
Bc3 22. e5 Rhe8 23. Qg3 Qc7 24. f4 Bf7 25. h4 Qe7 26. hxg5 Qa3 0-1

[Event "Challenge"]
[Site "http://www.queenalice.com/game.php?id=1839427"]
[Date "2024.6.30"]
[Round "-"]
[White "naugard47"]
[Black "Capixabba789"]
[Result "1/2-1/2"]
[WhiteElo "1722"]
[BlackElo "1834"]

1. e4 e5 2. Bc4 Nc6 3. Nf3 Be7 4. O-O Nf6 5. Nc3 d6 6. h3 O-O 7. a3 Be6 8. Nd5
Nd4 9. d3 c5 10. b4 b6 11. c3 Nc6 12. Nxe7+ Qxe7 13. Bb5 Bd7 14. Nh4 a6 15. Bc4
b5 16. Bb3 Rad8 17. Nf5 Bxf5 18. exf5 Qd7 19. Qf3 Ne7 20. g4 d5 21. Be3 d4 22.
Bd2 cxb4 23. axb4 dxc3 24. Bxc3 Qxd3 25. Qxd3 Rxd3 26. Rfc1 Rxh3 27. Kg2 Rd3 28.
Rxa6 Ned5 29. Bxd5 Rxd5 30. f3 Rfd8 31. Re1 h6 32. Kh3 e4 33. Re3 Rd3 34. Bxf6
gxf6 35. Rxd3 exd3 36. Ra1 d2 37. Rd1 Kf8 38. Kh4 Ke8 39. Kh5 Rd3 40. Kxh6 Kf8
41. Kh5 Rxf3 42. g5 Rxf5 43. Rxd2 Rxg5+ 44. Kh4 Ke7 45. Re2+ Re5 1/2-1/2

[Event "Challenge"]
[Site "http://www.queenalice.com/game.php?id=1839428"]
[Date "2024.6.30"]
[Round "-"]
[White "naugard47"]
[Black "zmanomega"]
[Result "1-0"]
[WhiteElo "1735"]
[BlackElo "1722"]

1. e4 e5 2. Bc4 Nf6 3. Nc3 c6 4. Nf3 Bd6 5. O-O Bc5 6. Nxe5 d5 7. Bb3 Be6 8. d3
Nbd7 9. d4 Bb6 10. f3 c5 11. Be3 dxe4 12. Bxe6 fxe6 13. fxe4 Nxe5 14. dxe5 Qxd1
15. Raxd1 O-O 16. exf6 gxf6 17. h4 h5 18. Rd7 Rab8 19. Na4 Rbc8 20. Nxb6 axb6
21. c4 Kh8 22. Rxb7 Rc6 23. Bh6 Rg8 24. Rxf6 Rcc8 25. Rff7 Rg4 26. Bg5 Rxe4 27.
Rh7+ Kg8 28. Bf6 1-0

[Event "Challenge"]
[Site "http://www.queenalice.com/game.php?id=1840097"]
[Date "2024.7.10"]
[Round "-"]
[White "AdilsonGomes"]
[Black "naugard47"]
[Result "0-1"]
[WhiteElo "1615"]
[BlackElo "1769"]

1. e4 e5 2. Nf3 Nc6 3. Bc4 Bc5 4. c3 Nf6 5. d4 exd4 6. Nxd4 Nxe4 7. Qe2 O-O 8.
Qf3 d5 9. Bb3 Be6 10. Be3 a6 0-1

[Event "Challenge"]
[Site "http://www.queenalice.com/game.php?id=1840302"]
[Date "2024.7.16"]
[Round "-"]
[White "Capixaba789"]
[Black "naugard47"]
[Result "1/2-1/2"]
[WhiteElo "1800"]
[BlackElo "1768"]

1. e4 e5 2. d4 d6 3. Bc4 Nf6 4. Nf3 Nxe4 5. O-O f6 6. dxe5 fxe5 7. Nxe5 dxe5 8.
Bf7+ Ke7 9. Bd5 Bf5 10. f3 Nd6 11. Bg5+ Kd7 12. Bxd8 Kxd8 13. Bxb7 Bxc2 14. Qd2
Bxb1 15. Raxb1 Nd7 16. Be4 Rb8 17. b3 Be7 18. Qe2 g5 19. Qa6 Nb5 20. Qe6 Nd4 21.
Qd5 h6 22. Kh1 Rf8 23. Rbc1 Rb5 24. Qa8+ Rb8 25. Qxa7 Nb5 26. Qe3 Rf6 27. Bd5
Ke8 28. Bc6 Nd6 29. Bxd7+ Kxd7 30. Qxe5 Re6 31. Qa5 Rc8 32. h3 Kd8 1/2-1/2

[Event "Challenge"]
[Site "http://www.queenalice.com/game.php?id=1840303"]
[Date "2024.7.16"]
[Round "-"]
[White "naugard47"]
[Black "Capixaba789"]
[Result "1-0"]
[WhiteElo "1750"]
[BlackElo "1805"]

1. e4 e5 2. Nf3 Nf6 3. Nc3 Bc5 4. Nxe5 d5 5. d4 Bb6 6. Bg5 h6 7. Bh4 g5 8. Bg3
Bg4 9. Nxg4 Nxe4 10. Be5 Rf8 11. Nxe4 dxe4 12. Nf6+ Ke7 13. Nd5+ Qxd5 14. c4
Qa5+ 15. Qd2 Qxd2+ 16. Kxd2 c6 17. c5 Ba5+ 18. Ke3 f5 19. Bd6+ Kf7 20. Bxf8 Kxf8
21. g3 Nd7 22. h3 Nf6 23. Bc4 Bc7 24. h4 g4 25. h5 Re8 26. b4 a6 27. a4 b5 28.
axb5 axb5 29. Bb3 Nd5+ 30. Bxd5 cxd5 31. Ra6 1-0

[Event "Challenge"]
[Site "http://www.queenalice.com/game.php?id=1841770"]
[Date "2024.8.12"]
[Round "-"]
[White "naugard47"]
[Black "Capixaba789"]
[Result "1/2-1/2"]
[WhiteElo "1736"]
[BlackElo "1906"]

1. e4 e5 2. Bc4 Nc6 3. Nf3 Be7 4. O-O d6 5. Nc3 Nf6 6. d4 exd4 7. Nd5 O-O 8. Re1
Ne5 9. Bb3 c5 10. c4 Bg4 11. h3 Nxf3+ 12. gxf3 Bxh3 13. Nf4 Bd7 14. Nd5 Nxd5 15.
exd5 Bf6 16. Qd3 g6 17. Bh6 Bg7 18. Bf4 a6 19. Bxd6 Bf5 20. Qd2 Re8 21. Bg3 Qd7
22. Bc2 Rxe1+ 23. Rxe1 Bxc2 24. Qxc2 Re8 25. Rxe8+ Qxe8 26. b3 h5 27. Qd2 Qd7
28. Qg5 1/2-1/2